THE PSYCHIC BEING (Record no. 1085594)

MARC details
000 -LEADER
fixed length control field 00458nam a2200193Ia 4500
008 - FIXED-LENGTH DATA ELEMENTS--GENERAL INFORMATION
fixed length control field 151119s9999||||xx |||||||||||||| ||und||
082 ## - DEWEY DECIMAL CLASSIFICATION NUMBER
Classification number 820AUR/THE
082 ## - DEWEY DECIMAL CLASSIFICATION NUMBER
Item number GKKV33295
100 ## - MAIN ENTRY--PERSONAL NAME
Personal name AUROBINDO SRI
245 ## - TITLE STATEMENT
Title THE PSYCHIC BEING
260 ## - PUBLICATION, DISTRIBUTION, ETC. (IMPRINT)
Place of publication, distribution, etc INDIA
260 ## - PUBLICATION, DISTRIBUTION, ETC. (IMPRINT)
Name of publisher, distributor, etc SRI AUROBINDO ASHRAM
260 ## - PUBLICATION, DISTRIBUTION, ETC. (IMPRINT)
Date of publication, distribution, etc 1989
600 ## - SUBJECT ADDED ENTRY--PERSONAL NAME
Personal name AUROBINDO SRI
630 ## - SUBJECT ADDED ENTRY--UNIFORM TITLE
Uniform title THE PSYCHIC BEING
700 ## - ADDED ENTRY--PERSONAL NAME
Personal name AUROBINDO SRI
730 ## - ADDED ENTRY--UNIFORM TITLE
Uniform title THE PSYCHIC BEING
942 ## - ADDED ENTRY ELEMENTS (KOHA)
Koha item type Book
Holdings
Withdrawn status Lost status Damaged status Not for loan Home library Current library Date acquired Cost, normal purchase price Total Checkouts Full call number Barcode Date last seen Cost, replacement price Price effective from Koha item type
        G.K. Khandekar Vachanalaya, Mulund G.K. Khandekar Vachanalaya, Mulund 02/21/2014 0.00   GKKV33295 GKKV33295 11/19/2015 0.00 11/19/2015 Book